Metafísica

Αποθηκεύτηκε σε:
Λεπτομέρειες βιβλιογραφικής εγγραφής
Κύριος συγγραφέας: Aristóteles, 384 a.C.- 322 a.C (Συγγραφέας)
Άλλοι συγγραφείς: Blanquez Augier, Rosario (traductora), Torres Samsó, Juan F (traductor)
Μορφή: Βιβλίο
Γλώσσα:Ισπανικά
Έκδοση: Barcelona Iberia 1984
Σειρά:Obras Maestras
Θέματα:
Ετικέτες: Προσθήκη ετικέτας
Δεν υπάρχουν, Καταχωρήστε ετικέτα πρώτοι!

MARC

LEADER 00000cam a2200000 a 4500
001 UCF3582
003 CL-VaPUC
005 20241127085257.0
008 121025e19840000SP |||||||||||||||||spa|d
999 |c 349835  |d 349833 
020 |a 8470820729 
040 |c Pontificia Universidad Católica de Valparaíso 
082 0 4 |a 185  |b ARI  |2 21 
100 |a Aristóteles,  |d 384 a.C.- 322 a.C.  |e author  |9 194 
245 1 0 |a Metafísica 
260 |a Barcelona  |b Iberia  |c 1984 
300 |a 387 p 
490 0 |a Obras Maestras 
583 |a last modification  |c 20180102 05:18:55  |k Rodrigo Vera 
650 0 |a Filosofía griega  |9 265579 
650 0 |a Filosofía antigua   |9 255705 
700 1 |a Blanquez Augier, Rosario  |e traductora  |9 863943 
700 1 |a Torres Samsó, Juan F  |e traductor  |9 863944 
942 |c BK  |2 ddc 
945 |d 20121025 00:00:00  |a cmena 
952 |0 0  |1 0  |3 erb  |4 0  |6 185_000000000000000_ARI_1984  |7 0  |8 R  |9 452640  |a BIBEDU  |b BIBEDU  |c MCIRC  |e Villagrán Garnham, Jorge  |i 5300401  |l 5  |o 185 ARI 1984  |p 5300401  |r 2023-01-13  |s 2022-08-17  |w 2019-11-22  |y BK_R  |z Catalogado en:20160505  |k FIL